000 00886nam a22001217a 4500
040 _cRUA
082 _aLMA YEN 2024 B701 Or.1
100 _aYEN STHAY, យ៉ែន ស៊ីថា
245 _aStudy On The Public Posting Of Judicial Documents In The Systematic Land Registration In Koy Meng Commune, Mongkul Borei District, Banteay Meanchey Province, សិក្សាអំពីនីតិវិធីនៃការបិទផ្សាយជាសាធារណៈនូវ ឯកសារនៃការវិនិច្ឆ័យក្នុងការចុះបញ្ចីដីធ្លីមានលក្ខណៈជាប្រព័ន្ធស្ថិតនៅឃុំគយម៉ែង ស្រុកមង្គលបូរ ខេត្តបន្ទាយមានជ័យ
260 _aPHNOM PENH
_bRUA
_c2024
300 _axi,
_bill,
_c29cm,
942 _cLMA
999 _c25336
_d25336